Normal view
MARC view
- Trucks
Entry Topical Term
001 - CONTROL NUMBER
- control field: 19672
003 - CONTROL NUMBER IDENTIFIER
- control field: NUST
005 - DATE AND TIME OF LATEST TRANSACTION
- control field: 20190828102242.0
008 - FIXED-LENGTH DATA ELEMENTS
- fixed length control field: 190828|| aca||aabn | a|a d
040 ## - CATALOGING SOURCE
- Original cataloging agency: NUST
- Transcribing agency: NUST
150 ## - HEADING--TOPICAL TERM
- Topical term or geographic name entry element: Trucks
- Geographic subdivision: United States
- General subdivision: Weight.
670 ## - SOURCE DATA FOUND
- Source citation: Work cat.: (NUST)0: National Research Council (U.S.). Committee for the Truck Weight Study. 19671, Truck weight limits :, 1990.
